A comprehensive approach to principles of systemic surgery / (Record no. 112868)
[ view plain ]
| 000 -LEADER | |
|---|---|
| fixed length control field | 00442nam a22001577a 4500 |
| 005 - DATE AND TIME OF LATEST TRANSACTION | |
| control field | 20190613101514.0 |
| 008 - FIXED-LENGTH DATA ELEMENTS--GENERAL INFORMATION | |
| fixed length control field | 190613b ||||| |||| 00| 0 eng d |
| 040 ## - CATALOGING SOURCE | |
| Transcribing agency | PK-LaUMT |
| 082 ## - DEWEY DECIMAL CLASSIFICATION NUMBER | |
| Classification number | 617 |
| Item number | ABD-C |
| 100 ## - MAIN ENTRY--PERSONAL NAME | |
| Personal name | Abdul Wahab Dogar |
| 245 ## - TITLE STATEMENT | |
| Title | A comprehensive approach to principles of systemic surgery / |
| Statement of responsibility, etc | by Abdul Wahab Dogar |
| 250 ## - EDITION STATEMENT | |
| Edition statement | 2nd ed. |
| 260 ## - PUBLICATION, DISTRIBUTION, ETC. (IMPRINT) | |
| Place of publication, distribution, etc | Karachi : |
| Name of publisher, distributor, etc | Farooq Kitab Ghar, |
| Date of publication, distribution, etc | 2014 |
| 300 ## - PHYSICAL DESCRIPTION | |
| Extent | 380 p. |
| 942 ## - ADDED ENTRY ELEMENTS (KOHA) | |
| Koha item type | Books |
| Withdrawn status | Lost status | Damaged status | Home library | Current library | Date acquired | Full call number | Barcode | Date last seen | Price effective from | Koha item type | Copy number |
|---|---|---|---|---|---|---|---|---|---|---|---|
| UMT Health Sciences Campus | UMT Health Sciences Campus | 2019-06-13 | 617 ABD-C | 130408 | 2025-11-27 | 2019-06-13 | Books | ||||
| UMT Health Sciences Campus | UMT Health Sciences Campus | 2019-06-13 | 617 ABD-C | 130409 | 2025-07-22 | 2019-06-13 | Books | C. 2 |
